000 01059nam a22003017a 4500
003 CHAP
005 20220329143933.0
008 120925s2010 mx a r 00010 spa d
010 _a103963
011 _a104935
020 _a9786071503091
035 _a115625
040 _cCHAP
082 0 4 _a005.43
_bE48
100 1 _aElmasri, Ramez
_936401
245 1 0 _aSistemas operativos :
_bun enfoque en espiral
_c/por Ramez Elmasri, A. Gil Carrick, David Levine
260 _aMéxico, D.F. :
_bMcGraw-Hill,
_c2010
300 _axvi, 526 p. :
_bilus.
534 _pTít. riginal :
_tOperating sustems: a spiral approach.
_cMcGraw-Hill, 2010
590 _aCONVERSION
_b10
_c20130109
_lUCH01
_h1357
650 4 _aSistemas operativos (Computadoras)
_9106775
700 1 _aCarrick, A. Gil
_919431
700 1 _aLevine, David
_966455
901 _aBK
942 _cLIBRO
949 _a005.43 E48
_bBC
_cLIBRO
_d33724002337009
_eLIBRO
_gI.c/e
_h117075
_i115625
_st
_t$262.40
949 _a005.43 E48
_bBC
_cLIBRO
_d33724002337040
_eLIBRO
_fc.2
_gI.c/e
_h117076
_i115625
_st
_t$262.40
999 _c103963
_d103963